Chinese rubber demand expected to stabilise (Record no. 55557)

MARC details
000 -LEADER
fixed length control field 00333nam a2200133Ia 4500
100 ## - MAIN ENTRY--AUTHOR NAME
Personal name Copping Barry
245 #0 - TITLE STATEMENT
Title Chinese rubber demand expected to stabilise
260 ## - PUBLICATION, DISTRIBUTION, ETC. (IMPRINT)
Name of publisher European Rubber Journal
Year of publication 2013
300 ## - PHYSICAL DESCRIPTION
Number of Pages 8
650 ## - SUBJECT ADDED ENTRY--TOPICAL TERM
Topical Term China
650 ## - SUBJECT ADDED ENTRY--TOPICAL TERM
Topical Term Rubber demand
942 ## - ADDED ENTRY ELEMENTS (KOHA)
Koha item type Journals
Holdings
Withdrawn status Lost status Damaged status Not for loan Home library Current library Shelving location Date acquired Serial Enumeration / chronology Koha item type
      Journals RRII Library RRII Library Majumdar samir 15/10/2013 Volume 195, Issue 3 Journals